000 00521nam a2200205 a 4500
005 20210219160251.0
008 081002s2000 mx r 000 0 spa d
020 _a9682922895
035 _aUPN01000161946
049 _aUNE
080 _a796.1/.2 (72) "1991" AQU.
245 0 0 _a¿A qué jugamos?
250 _a3a ed.
260 _aMéxico : CONAFE, 1991.
300 _a111 p. : il.
440 0 _aLiteratura infantil
690 _aJuegos educativos- Mexico
690 _aLiteratura- Niños
905 _aUNESCO
999 _c134059
_d134059